<?xml version="1.0" encoding="UTF-8"?>
<record
    xmlns:xsi="http://www.w3.org/2001/XMLSchema-instance"
    xsi:schemaLocation="http://www.loc.gov/MARC21/slim http://www.loc.gov/standards/marcxml/schema/MARC21slim.xsd"
    xmlns="http://www.loc.gov/MARC21/slim">

  <leader>     nam a22        4500</leader>
  <datafield tag="999" ind1=" " ind2=" ">
    <subfield code="c">87678</subfield>
    <subfield code="d">87467</subfield>
  </datafield>
  <controlfield tag="005">20230912112745.0</controlfield>
  <controlfield tag="007">0</controlfield>
  <controlfield tag="008">230912b        xxu||||| |||| 00| 0 eng 0</controlfield>
  <datafield tag="020" ind1=" " ind2=" ">
    <subfield code="a">\a 9788183422666</subfield>
  </datafield>
  <datafield tag="040" ind1=" " ind2=" ">
    <subfield code="a">\a NG-ZaABU</subfield>
    <subfield code="c">0</subfield>
  </datafield>
  <datafield tag="050" ind1=" " ind2=" ">
    <subfield code="a">\a BF 636.6 Sej</subfield>
    <subfield code="b">\b 513214</subfield>
  </datafield>
  <datafield tag="100" ind1=" " ind2=" ">
    <subfield code="9">7404</subfield>
    <subfield code="a">a Sejwal, Preethi</subfield>
  </datafield>
  <datafield tag="245" ind1=" " ind2=" ">
    <subfield code="a">\a Counselling Psychology</subfield>
    <subfield code="c">\c by Preethi Sewaji, Meghna Arora</subfield>
    <subfield code="h">\h [Text]</subfield>
  </datafield>
  <datafield tag="260" ind1=" " ind2=" ">
    <subfield code="a">\a New Delhi :</subfield>
    <subfield code="b">\b Crescent Publishing Corporation</subfield>
    <subfield code="c">\c 2021</subfield>
  </datafield>
  <datafield tag="300" ind1=" " ind2=" ">
    <subfield code="a">\a 297p.:</subfield>
  </datafield>
  <datafield tag="500" ind1=" " ind2=" ">
    <subfield code="a">\a Includes Index</subfield>
  </datafield>
  <datafield tag="504" ind1=" " ind2=" ">
    <subfield code="a">\a Includes bibliographical references</subfield>
  </datafield>
  <datafield tag="852" ind1=" " ind2=" ">
    <subfield code="a">\a KIL</subfield>
    <subfield code="c">\c Reserve book unit</subfield>
    <subfield code="p">\p 513214</subfield>
  </datafield>
  <datafield tag="942" ind1=" " ind2=" ">
    <subfield code="2">lcc</subfield>
    <subfield code="c">BK</subfield>
    <subfield code="h">\h 636.6</subfield>
    <subfield code="k">\k BF</subfield>
    <subfield code="m">\m Sej</subfield>
  </datafield>
  <datafield tag="952" ind1=" " ind2=" ">
    <subfield code="0">0</subfield>
    <subfield code="1">0</subfield>
    <subfield code="2">lcc</subfield>
    <subfield code="4">0</subfield>
    <subfield code="7">0</subfield>
    <subfield code="a">KIL</subfield>
    <subfield code="b">KIL</subfield>
    <subfield code="c">RES</subfield>
    <subfield code="d">2023-09-12</subfield>
    <subfield code="l">0</subfield>
    <subfield code="o">\o BF 636.6 Sej</subfield>
    <subfield code="p">\p 30005103013408</subfield>
    <subfield code="r">2023-09-12 00:00:00</subfield>
    <subfield code="t">\t 513214</subfield>
    <subfield code="w">2023-09-12</subfield>
    <subfield code="y">BK</subfield>
  </datafield>
</record>
